[Event "JUG-ch"]
[Site "Kladovo"]
[Date "1991.??.??"]
[Round "2"]
[White "Ermeni, Avni"]
[Black "Nikcevic, Nebojsa"]
[Result "0-1"]
[WhiteElo "2230"]
[BlackElo "2440"]

1.Nf3 d5 2.c4 e6 3.g3 g6 4.d4 Bg7 5.Bg2 Ne7 6.O-O O-O 7.Qc2 Nbc6 8.Rd1 Nf5
9.e3 Nd6 10.Nbd2 Qe7 11.b3 a5 12.a3 e5 13.cxd5 exd4 14.Bb2 Bf5 15.e4 Nxe4
16.g4 Nxf2 17.gxf5 d3 18.Qc1 Nxd1 19.Qxd1 Bxb2 20.dxc6 Bxa1 21.Qxa1 bxc6
22.Qd4 Rad8 23.f6 Qe6 24.Qh4 Rd5 25.Ne4 Rh5 26.Qf4 Re8 27.Nfd2 Qe5 28.Qxe5 Rhxe5
29.Kf2 R8e6 30.a4 Rf5+ 31.Kg3 h5 32.Bh3 Rexf6 33.Nxf6+ Rxf6 34.Bf1 Kg7 35.Bg2 Re6
36.Bf3 f5 37.Kf4 Kf6 38.h4 Re1 39.Nc4 Rb1  0-1

[Event "JUG-ch"]
[Site "Kladovo"]
[Date "1991.??.??"]
[Round "4"]
[White "Arsovic, Goran"]
[Black "Laketic, Gojko"]
[Result "1-0"]
[WhiteElo "2340"]
[BlackElo "2415"]

1.Nf3 d5 2.c4 c6 3.e3 Nf6 4.Nc3 g6 5.d4 Bg7 6.cxd5 cxd5 7.Bb5+ Nbd7 8.Qb3 e6
9.Qa3 Bf8 10.Qa4 Bg7 11.Qa3 a6 12.Bd3 Rb8 13.O-O b5 14.Qb3 O-O 15.Bd2 Nb6
16.a4 Nc4 17.axb5 axb5 18.Ra2 Bd7 19.Rfa1 Re8 20.Ne2 Ne4 21.Bb4 Bc6 22.Qd1 e5
23.dxe5 Nxe5 24.Ned4 Bd7 25.Nxe5 Bxe5 26.Qf3 Qc8 27.Ra7 Rb7 28.Rxb7 Qxb7
29.g3 h5 30.Qd1 Qb6 31.Be2 Qf6 32.Be1 Bxd4 33.exd4 Ng5 34.Ra3 b4 35.Re3 Rxe3
36.fxe3 Bg4 37.h4 Bxe2 38.Qxe2 Ne4 39.Kg2 Qe7 40.Qb5 Nf6 41.Qb8+ Kg7 42.Qe5 Qb7
43.g4 hxg4 44.h5 Qa6 45.Bh4 Qe2+ 46.Kg1 Qd1+ 47.Kg2 Qe2+ 48.Kg1 Qd1+ 49.Kg2 Qf3+
50.Kg1 gxh5 51.Qg5+ Kh7 52.Qxf6 Qxf6 53.Bxf6 Kg6 54.Be7 b3 55.Bh4 Kf5 56.Kf2 Ke4
57.Ke2 f6 58.Bxf6 g3 59.Bh4 g2 60.Bf2 h4 61.Bg1 Kf5 62.Kf3 h3 63.Bh2  1-0

[Event "JUG-ch"]
[Site "Kladovo"]
[Date "1991.??.??"]
[Round "11"]
[White "Ivkov, Borislav"]
[Black "Nikcevic, Nebojsa"]
[Result "1-0"]
[WhiteElo "2485"]
[BlackElo "2440"]

1.Nf3 d5 2.c4 e6 3.e3 c5 4.d4 Nf6 5.dxc5 Bxc5 6.a3 dxc4 7.Qxd8+ Kxd8 8.Bxc4 Ke7
9.Nbd2 a5 10.b3 Nc6 11.Bb2 Rd8 12.Rc1 b6 13.Ng5 Kf8 14.Bb5 Na7 15.Be2 Bb7
16.Bf3 Bxf3 17.Ngxf3 Nd5 18.Nc4 Rac8 19.Ke2 f6 20.g3 Nb5 21.Rc2 Nd6 22.Rhc1 Nxc4
23.Rxc4 Ne7 24.Nd2 Bd6 25.Ne4 Bb8 26.Bd4 b5 27.Rxc8 Rxc8 28.Rxc8+ Nxc8 29.Nc3 Nd6
30.Bc5 Ke8 31.Bxd6 Bxd6 32.Nxb5 Bc5 33.Kd3 Kd7 34.Kc4 Bb6 35.g4 f5 36.gxf5 exf5
37.Nd4 f4 38.exf4 Bc7 39.Ne2 Ke6 40.h3 Kf5 41.Kd5 Bb6 42.f3 Kg6 43.b4 axb4
44.axb4 Bc7 45.Ke6 Bb6 46.b5 Ba7 47.f5+ Kg5 48.f4+ Kh4 49.Kf7 Kxh3 50.Kxg7 Kg4
51.f6  1-0

[Event "Krumbach op"]
[Site "Krumbach"]
[Date "1991.??.??"]
[Round "1"]
[White "Lukov, Valentin"]
[Black "Schlichtmann, Gisbert"]
[Result "1-0"]
[WhiteElo "2445"]
[BlackElo "2250"]

1.Nf3 d5 2.c4 d4 3.g3 Nc6 4.Bg2 e5 5.d3 Nf6 6.O-O a5 7.e3 Be7 8.exd4 exd4
9.Na3 O-O 10.Nb5 Bf5 11.Bf4 Rc8 12.Ne5 Nxe5 13.Bxe5 c6 14.Nxd4 Bg6 15.Bh3 Nd7
16.Nf3 Ra8 17.Bc3 Nc5 18.d4 Ne4 19.Ne5 Bf6 20.f4 c5 21.Nd7 Re8 22.Nxf6+ Nxf6
23.dxc5 Bd3 24.Rf3 Be2 25.Qxd8 Raxd8 26.Bxf6 gxf6 27.Rf2 Bxc4 28.Bg2 Bd5
29.Rd1 Bxg2 30.Rxd8 Rxd8 31.Kxg2 Rc8 32.Rc2 Rc6 33.Kf3 b6 34.Ke4 bxc5 35.Kd5 Rc8
36.Rxc5 Rd8+ 37.Kc4 Rd2 38.Kc3 Rxh2 39.Rxa5 Rh3 40.b4 h5 41.Kd4  1-0

[Event "Krumbach op"]
[Site "Krumbach"]
[Date "1991.??.??"]
[Round "4"]
[White "Schlichtmann, Gisbert"]
[Black "Gabriel, Robert"]
[Result "0-1"]
[WhiteElo "2250"]
[BlackElo "2205"]

1.Nf3 d5 2.c4 e6 3.g3 c5 4.Bg2 Nc6 5.O-O Nf6 6.d4 Be7 7.cxd5 exd5 8.dxc5 Bxc5
9.Qc2 Bb6 10.Nc3 h6 11.b3 O-O 12.Bb2 Re8 13.Rad1 a6 14.e4 d4 15.Nd5 Bg4 16.h3 Bh5
17.Nf4 Bxf3 18.Bxf3 Rc8 19.Bg2 Nb4 20.Qb1 Qd6 21.a3 Nc2 22.e5 Rxe5 23.Bxb7 Rc7
24.Bxa6 Nh5 25.Nxh5 Rxh5 26.Bd3 Ne3 27.Rfe1 Re7 28.Rc1 Rxh3 29.Rc8+ Bd8 30.Bxd4 Rxg3+
31.Kh2 Rg2+  0-1

[Event "Krumbach op"]
[Site "Krumbach"]
[Date "1991.??.??"]
[Round "7"]
[White "Von Gleich, Alexander"]
[Black "Dankert, Peter"]
[Result "0-1"]
[WhiteElo "2315"]
[BlackElo "2235"]

1.Nf3 d5 2.c4 e6 3.g3 Nf6 4.Bg2 Be7 5.O-O O-O 6.b3 c5 7.Bb2 Nc6 8.e3 b6 9.Nc3 Bb7
10.cxd5 exd5 11.d4 Re8 12.Ne5 Nb4 13.Rc1 cxd4 14.exd4 Rc8 15.Bh3 Rc7 16.a3 Na6
17.Qf3 Bd6 18.Nb5 Bxe5 19.dxe5 d4 20.Nxc7 Bxf3 21.Nxe8 Nxe8 22.Rc8 Qe7 23.Bxd4 Bb7
24.Rc3 Nac7 25.Rd1 Ne6 26.Be3 h6 27.b4 N8c7 28.Rcd3 Qe8 29.Rd7 Bc6 30.R7d6 Bf3
31.R1d3 Be4 32.Rd1 Qb5 33.Bf1 Qxe5 34.Bc4  0-1

[Event "Lenk op"]
[Site "Lenk"]
[Date "1991.??.??"]
[Round "7"]
[White "Neckar, Lubomir"]
[Black "Donev, Ivo Hristov"]
[Result "0-1"]
[WhiteElo "2355"]
[BlackElo "2415"]

1.Nf3 d5 2.c4 e6 3.g3 Nf6 4.Bg2 Be7 5.O-O O-O 6.d4 dxc4 7.Qc2 a6 8.Qxc4 b5
9.Qc2 Bb7 10.Bg5 Nbd7 11.Bxf6 Nxf6 12.Nbd2 Rc8 13.Nb3 c5 14.dxc5 Be4 15.Qc3 Bd5
16.Rfd1 Ne4 17.Qe3 Qc7 18.Nfd4 Nf6 19.Rac1 Rfd8 20.c6 g6 21.Bxd5 Rxd5 22.Rd3 Ng4
23.Qf4 Ne5 24.Rdd1 Nc4 25.Qxc7 Rxc7 26.e4 Rd8 27.Nf3 Rxc6 28.Rxd8+ Bxd8 29.Nbd2 Bf6
30.Nxc4 bxc4 31.b3 c3 32.e5 Be7 33.Nd4 Rc7 34.Ne2 Bb4 35.Rc2 Rd7 36.a3 Rd2
37.Nd4 Bxa3  0-1

[Event "ESP-chT"]
[Site "Linares"]
[Date "1991.??.??"]
[Round "7"]
[White "Ivkov, Borislav"]
[Black "Illescas Cordoba, Miguel"]
[Result "1/2-1/2"]
[WhiteElo "2485"]
[BlackElo "2545"]

1.Nf3 d5 2.c4 e6 3.d4 Nf6 4.e3 Nbd7 5.Nc3 c6 6.Qc2 Bd6 7.Be2 dxc4 8.Bxc4 O-O
9.O-O Qe7 10.a3 e5 11.h3 exd4 12.exd4 Nb6 13.Re1 Qd7 14.Ne5 Qc7 15.Ba2 Be6
16.Bxe6 fxe6 17.Bg5 Nbd5 18.Bxf6 Rxf6 19.Ng4 Rg6 20.Nxd5 exd5 21.Re2 Rf8
22.Rae1 Qc8 23.Qd3 Qf5 24.Qxf5 Rxf5 25.Re8+ Rf8 26.Kf1 h5 27.Rxf8+ Kxf8 28.Ne5 Re6
29.f4 Bxe5 30.fxe5 Ke7 31.b4 Rg6 32.Re3 h4 33.Kf2 Ke6 34.g4 Rh6 35.Kf3 g5
36.Ke2 Rh7 37.Rf3 Rf7 38.Rxf7 Kxf7 39.Kd3 b5  1/2-1/2

[Event "POR-ch"]
[Site "Lisboa"]
[Date "1991.??.??"]
[Round "2"]
[White "Frois, Antonio"]
[Black "Santos, Carlos P"]
[Result "1-0"]
[WhiteElo "2400"]
[BlackElo "2405"]

1.Nf3 d5 2.c4 e6 3.g3 c6 4.Bg2 Nf6 5.O-O Nbd7 6.b3 a5 7.Nc3 Bb4 8.Qc2 Nc5
9.d4 Nce4 10.Bb2 Nxc3 11.Bxc3 Ne4 12.Bxb4 axb4 13.Ne5 Nc3 14.Nd3 Qb6 15.c5 Qa5
16.a4 b6 17.cxb6 Qxb6 18.Nc5 O-O 19.f4 Ra5 20.e3 Rd8 21.Nd3 Ba6 22.f5 e5
23.Nxe5 Bxf1 24.Rxf1 f6 25.Nd3 Re8 26.Qd2 Qb7 27.Rc1 Qe7 28.Re1 Qd6 29.Rc1 Qe7
30.Re1 Rb8 31.Rc1 Qd6 32.Bf3 Kf7 33.Kg2 Kg8 34.Qc2 Qd7 35.Nxb4 Rxb4 36.Qxc3 Qb7
37.e4 Ra8 38.exd5 cxd5 39.Qc5 Rd8 40.Re1 Kf7 41.Re6 Rd7 42.Re7+ Rxe7 43.Bxd5+ Ke8
44.Bxb7 Rexb7 45.Qc8+ Ke7 46.a5 Rxb3 47.a6 Rb8 48.Qc7+ Kf8 49.Qd6+ Kg8 50.a7 Rb2+
51.Kh3  1-0

[Event "POR-ch"]
[Site "Lisboa"]
[Date "1991.??.??"]
[Round "8"]
[White "Nobre, A."]
[Black "Camejo, Rui"]
[Result "1-0"]
[WhiteElo "2100"]
[BlackElo "2280"]

1.Nf3 d5 2.c4 c6 3.b3 Nf6 4.Bb2 Bf5 5.e3 e6 6.d3 h6 7.Qc2 a5 8.Nc3 Nbd7 9.Be2 Be7
10.O-O O-O 11.Rfd1 Qb8 12.Rac1 b5 13.Nd4 bxc4 14.Nxf5 exf5 15.dxc4 f4 16.exf4 dxc4
17.Bxc4 Qxf4 18.Qd2 Qb8 19.Ne2 a4 20.Qf4 axb3 21.Bxb3 Qxf4 22.Nxf4 Nc5 23.Ng6 Nxb3
24.Nxe7+ Kh8 25.axb3  1-0

[Event "POR-ch"]
[Site "Lisboa"]
[Date "1991.??.??"]
[Round "8"]
[White "Frois, Antonio"]
[Black "Pereira, Alvaro"]
[Result "0-1"]
[WhiteElo "2400"]
[BlackElo "2235"]

1.Nf3 d5 2.c4 dxc4 3.g3 Nd7 4.Na3 Nb6 5.Bg2 e6 6.Nxc4 Nxc4 7.Qa4+ Bd7 8.Qxc4 Bc6
9.O-O Nf6 10.Re1 Qd5 11.Qc2 Qc5 12.Qb1 Qb6 13.b3 Rd8 14.d3 Bc5 15.Rf1 a5
16.Bb2 a4 17.bxa4 Ra8 18.Qc1 Rxa4 19.Rb1 Qa7 20.Bxf6 gxf6 21.Qh6 Ke7 22.Qg7 Qa8
23.Qh6 Rxa2 24.Rbc1 Bb6 25.Nd2 Bxg2 26.Kxg2 Rg8 27.Nc4 Bd4 28.Kg1 Rxe2 29.Qf4 e5
30.Qf3 Qa2 31.Ne3 Bxe3 32.Rxc7+ Kf8 33.fxe3 Rg6 34.Qh5 Rg2+ 35.Kh1 Rf2 36.Rfc1 Qd5+
37.e4 Qxd3 38.Rxf7+ Kxf7 39.Qxh7+ Ke6 40.Qh3+ Kd6  0-1

[Event "ESP-ch"]
[Site "Lleida"]
[Date "1991.??.??"]
[Round "7"]
[White "Teran Alvarez, Ismael"]
[Black "Alfonso, Beatriz"]
[Result "1/2-1/2"]
[WhiteElo "2200"]
[BlackElo "2200"]

1.Nf3 d5 2.c4 e6 3.b3 c6 4.Bb2 f5 5.g3 Nf6 6.Bg2 Bd6 7.O-O O-O 8.d3 Qe8 9.Nc3 e5
10.e3 Nbd7 11.Nh4 Nb6 12.Ne2 Qe7 13.a4 a5 14.Rc1 Bd7 15.d4 Bc7 16.dxe5 Bxe5
17.Bxe5 Qxe5 18.Nf3 Qe8 19.Qd4 Ra6 20.c5 Na8 21.Rfd1 Nc7 22.Nf4 Ne4 23.h4 Ra8
24.Ne5 Be6 25.Bf3 Qe7 26.Kg2 Na6 27.Ned3 Bd7 28.h5 Qf6 29.Rh1 Rae8 30.Rc2 Ng5
31.Qxf6 Rxf6 32.Ne2 Nxf3 33.Kxf3 Re4 34.Nd4 Be8 35.Nf4 Bd7 36.Ke2 Rf8 37.h6 Rfe8
38.Kd2 g6 39.Nh3 Bc8 40.Ng5 Rg4 41.Nh3 Rge4 42.Re1 Bd7 43.f3 R4e5 44.Ng5 Bc8
45.Rcc1 Bd7 46.Re2 Bc8 47.f4 R5e7 48.Ndf3 Be6 49.Kd3 d4 50.Nxe6 Nb4+ 51.Kxd4 Rxe6
52.Ne5 Rd8+ 53.Kc4 Rd5 54.Rg1 Na6 55.Nd3 Re4+ 56.Kc3 Nxc5 57.Nxc5 Rxc5+ 58.Kb2 Rd5
59.Kc2 b5 60.axb5 cxb5 61.Ra1  1/2-1/2

[Event "URS-ESP mT"]
[Site "Logrono"]
[Date "1991.??.??"]
[Round "?"]
[White "Vladimirov, Evgeny"]
[Black "Rodriguez Vargas, Orestes"]
[Result "1-0"]
[WhiteElo "2580"]
[BlackElo "2235"]

1.Nf3 d5 2.c4 e6 3.g3 c5 4.Bg2 Nc6 5.O-O Nf6 6.d4 dxc4 7.Qa4 Bd7 8.Qxc4 b5
9.Qd3 c4 10.Qc2 Rc8 11.Bg5 Be7 12.Nc3 b4 13.Bxf6 gxf6 14.d5 Na5 15.Nd1 O-O
16.Ne3 f5 17.Rad1 Bf6 18.Nd4 Qe8 19.Qd2 c3 20.bxc3 bxc3 21.Qd3 Rc5 22.Nec2 Bb5
23.Qf3 Ba6 24.Rfe1 Bg7 25.e4 fxe4 26.Rxe4 Rxd5 27.Rg4 f6 28.Qxc3 Rh5 29.Re1 Bc8
30.Bf3 Re5 31.Rb1 Bd7 32.Ne3 Qc8 33.Qd2 Be8 34.Rc1 Qd7 35.Rd1 Bg6 36.Qb4 Qf7
37.Rh4 Rd8 38.Rc1 Bf8 39.Qc3 Rc5 40.Qe1 Rdc8 41.Rd1 Kh8 42.Ne2 e5 43.Bd5 Qc7
44.Be4 Bxe4 45.Rxe4 Rd8 46.Rxd8 Qxd8 47.Qb1 Rc7 48.Rg4 Bc5 49.Nd5 Rf7 50.Qe4 Qd6
51.Qf3 f5 52.Rg5 Nc4 53.Nec3 Nd2 54.Qe2 Ne4 55.Nxe4 fxe4 56.Ne3 Rf3 57.Ng4 Qe7
58.Rh5 Qb7 59.Rxe5 Rc3 60.Qd2 Rd3 61.Re8+  1-0

[Event "Manzanillo"]
[Site "Manzanillo"]
[Date "1991.??.??"]
[Round "4"]
[White "Armas, Jorge"]
[Black "Blanco Fernandez, Alvaro"]
[Result "1-0"]
[WhiteElo "2400"]
[BlackElo "2245"]

1.Nf3 d5 2.c4 e6 3.g3 c6 4.Bg2 Bd6 5.O-O f5 6.d3 Nh6 7.Bxh6 gxh6 8.Nc3 O-O
9.Qd2 Qf6 10.e4 dxe4 11.dxe4 Rd8 12.Rad1 Bc7 13.Qe3 Bd7 14.e5 Qf8 15.Ne2 Be8
16.Nf4 Bf7 17.c5 Na6 18.Rd6 Bxd6 19.cxd6 Nb4 20.Nd4 Qe8 21.Qb3 Nd5 22.Bxd5 cxd5
23.g4 fxg4 24.Qg3 Qd7 25.Qh4 Rf8 26.Qxh6 Rae8 27.Rc1 Rc8 28.Rxc8 Rxc8 29.Nfxe6 Bxe6
30.Qxe6+ Qxe6 31.Nxe6 Kf7 32.d7 Rc1+ 33.Kg2 Kxe6 34.d8=Q  1-0

[Event "Manzanillo"]
[Site "Manzanillo"]
[Date "1991.??.??"]
[Round "12"]
[White "Armas, Jorge"]
[Black "Medina, J."]
[Result "0-1"]
[WhiteElo "2400"]
[BlackElo "2320"]

1.Nf3 d5 2.c4 c6 3.g3 Nf6 4.Bg2 Bf5 5.O-O e6 6.d3 dxc4 7.dxc4 Nbd7 8.Nc3 Bc5
9.e3 O-O 10.a3 a5 11.Na4  0-1

[Event "WchT U26"]
[Site "Maringa"]
[Date "1991.??.??"]
[Round "4"]
[White "Fiorito, Fabian"]
[Black "Gonzales, Bolivar Ribiero"]
[Result "1-0"]
[WhiteElo "2435"]
[BlackElo "2385"]

1.Nf3 d5 2.c4 c6 3.d4 Nf6 4.cxd5 cxd5 5.Nc3 Nc6 6.Bf4 e6 7.e3 Be7 8.h3 O-O
9.Bd3 b6 10.Rc1 Bb7 11.a3 a6 12.Ne5 Nxe5 13.Bxe5 Nd7 14.Bf4 b5 15.Qc2 h6
16.Qe2 Rc8 17.Bb1 Re8 18.Qd3 Nf8 19.O-O Bd6 20.Ne2 Qe7 21.Bxd6 Qxd6 22.b4 Rc4
23.Ba2 Rxc1 24.Rxc1 Rc8 25.Rc5 Nd7 26.Rxc8+ Bxc8 27.Bb1 Nf8 28.Qc3 Bb7 29.Nf4 Nd7
30.Qc2 Nf8 31.Nd3 f6 32.f4 Bc6 33.Qc5 Qc7 34.Ba2 Qb7 35.Kf2 Be8 36.Qd6 Qc8
37.Nc5 Bc6 38.f5 exf5 39.Nxa6 Qd7 40.Qxd7 Nxd7 41.Nc5 Nxc5 42.bxc5 Kf7 43.Bb1 Bd7
44.Bd3 h5 45.Ke2 h4 46.Kd2 g5 47.Kc3 g4 48.Bf1 Kg6 49.Kb4 gxh3 50.gxh3 f4
51.exf4 Kf5 52.Bxb5 Bc8 53.a4 Ke4 54.a5 Bxh3 55.a6 Bg2 56.a7 h3 57.a8=Q h2
58.Qh8 h1=Q 59.Qxh1 Bxh1 60.Bd7  1-0

[Event "AUS-ch"]
[Site "Melbourne"]
[Date "1991.??.??"]
[Round "2"]
[White "Hacche, David"]
[Black "Depasquale, Chris"]
[Result "1/2-1/2"]
[WhiteElo "2295"]
[BlackElo "2280"]

1.Nf3 d5 2.c4 d4 3.g3 Nc6 4.Bg2 e5 5.d3 Nf6 6.O-O Bd6 7.Re1 O-O 8.e3 h6 9.Na3 Bb4
10.Rf1 dxe3 11.Bxe3 Ng4 12.Nc2 Nxe3 13.Nxe3 Re8 14.a3 Bf8 15.Re1 Nd4 16.Nxd4 exd4
17.Nc2 Rxe1+ 18.Qxe1 g6 19.Qe2 c6 20.Re1 Be6 21.h4 h5 22.Qe5 Bg7 23.Qf4 a5
24.Re2 a4 25.Ne1 Ra5 26.Qd2 Qc7 27.Nf3 Bf6 28.Re1 Bg4 29.Re8+ Kg7 30.Qb4 c5
31.Qe1 Ra6 32.Nd2 Re6 33.Rxe6 Bxe6 34.Qd1 Qd7 35.b3 axb3 36.Qxb3 Bf5 37.Be4 Bd8
38.Bxf5 Qxf5 39.Ne4 b6 40.Qb5 Qe6 41.Kg2 f5 42.Nd2 f4 43.Ne4 Bxh4 44.gxh4 Qg4+
45.Kf1 Qd1+ 46.Kg2 Qg4+ 47.Kf1 Qd1+  1/2-1/2

[Event "Melbourne Masters"]
[Site "Melbourne"]
[Date "1991.??.??"]
[Round "4"]
[White "Danailov, Silvio"]
[Black "Depasquale, Chris"]
[Result "1-0"]
[WhiteElo "2475"]
[BlackElo "2280"]

1.Nf3 d5 2.c4 d4 3.a3 Bg4 4.Qb3 Nc6 5.Qxb7 Bd7 6.Qb3 e5 7.d3 f5 8.Qc2 Nf6
9.e3 dxe3 10.Bxe3 f4 11.Bd2 a5 12.Bc3 Bc5 13.h3 O-O 14.Nbd2 Nd4 15.Bxd4 exd4
16.Be2 Re8 17.Ne4 Nxe4 18.dxe4 Bc6 19.Nd2 d3 20.Bxd3 Bxf2+ 21.Kxf2 Qd4+ 22.Ke1 Qe3+
23.Be2 Bxe4 24.Nxe4 Rxe4 25.Kf1 Rd8 26.Rd1 Rxd1+ 27.Qxd1 Rd4 28.Qe1 Rd2 29.Bf3 Rxb2
30.Qxe3 fxe3 31.Kg1 Ra2 32.Kh2 Kf8 33.Kg3 Rxa3 34.Kf4 Rc3 35.Ra1 Rxc4+ 36.Kxe3 a4
37.Bd1 Ke7 38.Rxa4 Rxa4 39.Bxa4 Ke6 40.Ke4 Kf6 41.Bb3 Kg5 42.Kd5 Kf4 43.Kc6 g5
44.Bd1  1-0

[Event "Mexico City"]
[Site "Mexico"]
[Date "1991.??.??"]
[Round "4"]
[White "Nogueiras, Jesus"]
[Black "Estrada Nieto, Julian"]
[Result "1-0"]
[WhiteElo "2540"]
[BlackElo "2260"]

1.Nf3 d5 2.c4 e6 3.g3 Nf6 4.Bg2 dxc4 5.Qa4+ Nbd7 6.Qxc4 c5 7.d3 Bd6 8.a4 Rb8
9.Nc3 a6 10.a5 O-O 11.O-O b5 12.axb6 Nxb6 13.Qa2 Nfd5 14.Ne4 Be7 15.Bd2 Nb4
16.Bxb4 cxb4 17.Ne5 Bb7 18.Rfe1 Re8 19.Nd2 Bxg2 20.Kxg2 Qd5+ 21.Qxd5 exd5
22.Rxa6  1-0

[Event "Miedzybrodzie op"]
[Site "Miedzybrodzie"]
[Date "1991.??.??"]
[Round "3"]
[White "Nesterov, Jakov"]
[Black "Drzemicki, Dariusz"]
[Result "1-0"]
[WhiteElo "2365"]
[BlackElo "2315"]

1.Nf3 d5 2.c4 e6 3.d4 Nf6 4.Nc3 Be7 5.Bg5 O-O 6.e3 Nbd7 7.Qc2 a6 8.cxd5 exd5
9.Bd3 Re8 10.O-O Nf8 11.h3 c6 12.Bf4 Bd6 13.Bxd6 Qxd6 14.Rab1 Be6 15.b4 Rac8
16.Rfc1 Re7 17.a4 h6 18.Qb2 N8h7 19.b5 axb5 20.axb5 Ne8 21.bxc6 bxc6 22.Na4 Nf8
23.Nc5 Nd7 24.Ba6 Rb8 25.Nb7 Qc7 26.Qc2 Ra8 27.Bd3 Nb8 28.Ne5 Bc8 29.Nc5 Nd6
30.Rb3 Nb7 31.Rc3 Nd8 32.Qb3 Qd6 33.Bb1 Nd7 34.f4 Nxc5 35.Rxc5 Bd7 36.Qc2 g6
37.Qf2 Be8 38.f5 Qf6 39.Rf1  1-0

[Event "Miedzybrodzie op"]
[Site "Miedzybrodzie"]
[Date "1991.??.??"]
[Round "5"]
[White "Przewoznik, Jan"]
[Black "Kveinys, Aloyzas"]
[Result "1/2-1/2"]
[WhiteElo "2395"]
[BlackElo "2435"]

1.Nf3 d5 2.c4 d4 3.b4 f6 4.Qa4+ Bd7 5.Qb3 e5 6.e3 c5 7.bxc5 Bc6 8.exd4 exd4
9.Bb2 Bxc5 10.Be2 Na6 11.O-O Ne7 12.Na3 Nc7 13.Rae1 Qd7 14.Nb5 Ne6 15.Ne5 fxe5
16.Bg4 Bxb5 17.cxb5 Qd5 18.Qxd5 Nxd5 19.Bxe6 Nf4 20.Bc4 Ng6 21.f4 O-O-O 22.f5 Nf8
23.Rxe5 b6 24.d3 Nd7 25.Be6 Kc7 26.Bxd7 Rxd7 27.g4 a6 28.a4 axb5 29.axb5 Ra8
30.Kg2 Ra5 31.Kf3 Rxb5 32.Ba3 Rb3 33.Bxc5 bxc5 34.Ke4 Kc6 35.g5 c4 36.dxc4 Re3+
37.Kf4 Rc3 38.f6 gxf6 39.gxf6 d3 40.Rd1 d2 41.Re2 Rxc4+ 42.Ke5 Rc5+ 43.Ke6 Rcd5
44.Rf2 R5d6+ 45.Ke5 Rd5+ 46.Ke4 Rf7 47.h3 Rf8 48.Rdxd2 Rxd2 49.Rxd2 Rxf6
50.Ke5 Rh6 51.Rd3 Kc7 52.Kf5 Rd6 53.Ra3 Kd8 54.Ra7  1/2-1/2

[Event "POL-chT"]
[Site "Mikolajki"]
[Date "1991.??.??"]
[Round "3"]
[White "Dobosz, Henryk"]
[Black "Weglarz, Leszek"]
[Result "1/2-1/2"]
[WhiteElo "2415"]
[BlackElo "2360"]

1.Nf3 d5 2.c4 e6 3.d4 Nf6 4.Nc3 Be7 5.e3 O-O 6.Bd3 dxc4 7.Bxc4 c5 8.O-O cxd4
9.exd4 Nbd7 10.Bb3 Nb6 11.Ne5 Nbd5 12.Qf3 a5 13.Bg5 Ra6 14.Rfe1 Nxc3 15.bxc3 Nd7
16.Nxd7 Qxd7 17.Bd2 b5 18.Qd3 Bb7 19.a4 b4 20.Bc4 Ra7 21.cxb4 axb4 22.a5 Bd5
23.Bxd5 Qxd5 24.Re5 Qd7 25.Rb5 Rb7 26.Rxb7 Qxb7 27.a6 Qd5 28.Rb1 Rc8 29.h3 g6
30.Ra1 Ra8 31.Ra4 b3 32.Ra5  1/2-1/2

[Event "FRA-ch Acc"]
[Site "Montpellier"]
[Date "1991.??.??"]
[Round "3"]
[White "Bureau, Frederic"]
[Black "Mothes, Herve Alexandre"]
[Result "0-1"]
[WhiteElo "2000"]
[BlackElo "2235"]

1.Nf3 d5 2.c4 e6 3.g3 Nf6 4.Bg2 g6 5.b3 Bg7 6.Bb2 O-O 7.d3 c5 8.Nbd2 Nc6
9.O-O Re8 10.Ne5 Qc7 11.Nxc6 bxc6 12.Qc2 d4 13.b4 cxb4 14.Bxd4 Rb8 15.f4 Ng4
16.Bxg7 Kxg7 17.Qb2+ e5 18.fxe5 Qxe5 19.Qxe5+ Rxe5 20.Bxc6 Rxe2 21.Nb3 Rxh2
22.Bg2 Rxg2+ 23.Kxg2 Ne3+ 24.Kf2 Nxf1 25.Rxf1 a5 26.Nc5 Bg4 27.Re1 h5 28.Re7 a4
29.Ra7 b3 30.axb3 axb3 31.Ra1 b2 32.Rb1 Bd1 33.Rxd1 b1=Q 34.Rxb1 Rxb1 35.Ne4 f5
36.Ng5 Kf6 37.Nf3 g5 38.Ke3 Rb2 39.Nd4 h4 40.gxh4 gxh4 41.Ne2 h3 42.Ng3 h2
43.Kf3 f4 44.Nh1 Ke5 45.c5 Kd5 46.d4 Kc6  0-1

[Event "FRA-ch Acc"]
[Site "Montpellier"]
[Date "1991.??.??"]
[Round "4"]
[White "Gobe, Patrick"]
[Black "Moulain, Jean Pierre"]
[Result "1-0"]
[WhiteElo "2040"]
[BlackElo "2225"]

1.Nf3 d5 2.c4 c6 3.b3 Nf6 4.g3 g6 5.Bg2 Bg7 6.Bb2 Qb6 7.Bd4 c5 8.Bc3 d4 9.Bb2 O-O
10.O-O Nc6 11.d3 e5 12.Nbd2 Ng4 13.h3 Nh6 14.Nh2 Qc7 15.Ba3 b6 16.b4 cxb4
17.Bxb4 Nxb4 18.Bxa8 Bxh3 19.Bg2 Bxg2 20.Kxg2 Qc6+ 21.Kg1 Na6 22.Qb3 Nc5
23.Qb5 Qc8 24.Nb3 Ne6 25.c5 Ng5 26.cxb6 axb6 27.Rac1 Qa8 28.Rc6 Nf5 29.Nf3 Nxf3+
30.exf3 Ne7 31.Rxb6 Qxf3 32.Rb8 Nd5 33.Rxf8+ Kxf8 34.Qb8+ Ke7 35.Qb7+ Kf6
36.Nc5 Kg5 37.Ne4+ Kg4 38.Qxd5 Bh6 39.Kh2 Bg5 40.Qd7+ f5 41.Qxh7  1-0

[Event "FRA-ch (Women)"]
[Site "Montpellier"]
[Date "1991.??.??"]
[Round "5"]
[White "Flear, Christine"]
[Black "Dubois, Martine"]
[Result "1-0"]
[WhiteElo "2210"]
[BlackElo "2050"]

1.Nf3 d5 2.c4 c6 3.d4 Nf6 4.Nc3 e6 5.g3 Bb4 6.Bg2 Ne4 7.Qb3 Qa5 8.Bd2 Nxd2
9.Nxd2 O-O 10.O-O Rd8 11.a3 Bxc3 12.Qxc3 Qxc3 13.bxc3 Nd7 14.e4 dxe4 15.Nxe4 Nf6
16.Nc5 Nd7 17.Nb3 a5 18.Rab1 a4 19.Nd2 e5 20.Ne4 exd4 21.cxd4 Nf8 22.Rfd1 Ra5
23.c5 Bf5 24.Rxb7 Bxe4 25.Bxe4 Rxc5 26.dxc5 Rxd1+ 27.Kg2 Rc1 28.Bxc6 Rxc5
29.Bxa4 Ra5 30.Bb3 Ne6 31.Rb8+ Nf8 32.a4 g6 33.h4 Ra7 34.Kf3 Kg7 35.Ke3 Nd7
36.Rb5 f6 37.Bd5 Rxa4 38.Rb7 Ra3+ 39.Ke2  1-0

[Event "FRA-ch Acc"]
[Site "Montpellier"]
[Date "1991.??.??"]
[Round "6"]
[White "Gobe, Patrick"]
[Black "Wallyn, Alexandre"]
[Result "1-0"]
[WhiteElo "2040"]
[BlackElo "2280"]

1.Nf3 d5 2.c4 dxc4 3.e3 a6 4.Bxc4 b5 5.Ne5 bxc4 6.Qf3 Be6 7.Qxa8 Bd5 8.Qa7 Bxg2
9.Rg1 Bd5 10.Nc3 e6 11.e4 Bd6 12.exd5 Bxe5 13.dxe6 fxe6 14.Qc5 Qf6 15.Qxc4 Ne7
16.Ne4 Qf4 17.d3 Qxh2 18.Rf1 Nbc6 19.Ng5 Nd4 20.Be3 Qh5 21.Bxd4 Qxg5 22.Be3 Qh5
23.Qxe6 Rf8 24.d4 Bd6 25.Qc4 Nd5 26.Qe2 Qf5 27.O-O-O Kd7 28.Qxa6 Rf6 29.Qa4+ Kd8
30.Rfe1 Nb4 31.a3 Nd5 32.Rd2 Re6 33.Bg5+ Be7 34.Bxe7+ Kxe7 35.Rxe6+ Qxe6
36.Kd1 Nf4 37.d5 Qg4+ 38.Kc2 Qf5+ 39.Kc3 Qe5+ 40.Qd4 Nxd5+ 41.Kc2 Qf5+ 42.Qd3 Qxd3+
43.Rxd3 c6 44.b4 h5 45.b5 Kd7 46.bxc6+ Kxc6 47.Rg3  1-0

[Event "FRA-ch Acc"]
[Site "Montpellier"]
[Date "1991.??.??"]
[Round "7"]
[White "Bureau, Frederic"]
[Black "Blandnet, Jean Marie"]
[Result "0-1"]
[WhiteElo "2000"]
[BlackElo "2220"]

1.Nf3 d5 2.c4 c6 3.b3 Bg4 4.Bb2 Nd7 5.d3 Ngf6 6.Nbd2 e6 7.g3 Be7 8.Bg2 O-O
9.O-O Bh5 10.Qc2 h6 11.e4 Bg6 12.Rfe1 Qb6 13.exd5 cxd5 14.Bd4 Bc5 15.Qc3 Rfd8
16.Rad1 Qd6 17.Bxc5 Nxc5 18.d4 Nce4 19.Nxe4 Nxe4 20.Qe3 b6 21.Nd2 Nxd2 22.Rxd2 Rac8
23.cxd5 exd5 24.Qe5 Qxe5 25.dxe5 d4 26.Be4 Bxe4 27.Rxe4 d3 28.Kg2 Rd5 29.Kf3 b5
30.h4 Kf8 31.Ke3 Rcd8 32.f4 Ke7 33.Kf3 g6 34.Re1 h5 35.Rc1 R8d7 36.Ke3 b4
37.Rcd1 Ra5 38.Rc1 f6 39.exf6+ Kxf6 40.Rc4 Kf5 41.Kf3 Rb5 42.Rc8 Rbd5 43.Rf8+ Ke6
44.Rb8 a5 45.Rb6+ Kf5 46.Rc6 Re7 47.Rc1 Re6 48.Rcd1 Red6 49.Rc1 Ra6 50.Rc4 Ra8
51.Re4 Rc8 52.Re1 Rc2 53.Red1 Rxd2 54.Rxd2 Rd6 55.Ke3 Kg4 56.Kf2 Rd8 57.Kg2 Rc8
58.Rxd3 Rc2+ 59.Kf1 Rxa2 60.Rd6 a4 61.f5 Kxf5  0-1

[Event "Russian Winter op"]
[Site "Moscow"]
[Date "1991.??.??"]
[Round "?"]
[White "Shashin, Alexsander A"]
[Black "Makarov, Marat"]
[Result "0-1"]
[WhiteElo "2385"]
[BlackElo "2480"]

1.Nf3 d5 2.c4 e6 3.b3 Nf6 4.g3 a5 5.Nc3 Ne4 6.Bb2 Bc5 7.e3 O-O 8.Bg2 Nc6
9.O-O Nxc3 10.Bxc3 d4 11.exd4 Nxd4 12.Re1 f6 13.Re4 e5 14.Nxd4 exd4 15.Bb2 g6
16.Qf3 c6 17.Rae1 Bf5 18.Rf4 Qd6 19.g4 Bc2 20.d3 Bxd3 21.Bc1 Bc2 22.Bd2 Bb4  0-1

[Event "Moscow5-B"]
[Site "Moscow"]
[Date "1991.??.??"]
[Round "?"]
[White "Bojczuk, Zygmunt"]
[Black "Kozlov, Vladimir N"]
[Result "1/2-1/2"]
[WhiteElo "2295"]
[BlackElo "2360"]

1.Nf3 d5 2.c4 c6 3.b3 Nf6 4.Bb2 e6 5.g3 Be7 6.Bg2 O-O 7.O-O a5 8.a3 b5 9.d3 bxc4
10.dxc4 Ba6 11.Nbd2 Nbd7  1/2-1/2

[Event "Moscow2"]
[Site "Moscow"]
[Date "1991.??.??"]
[Round "?"]
[White "Ksieski, Zbigniew"]
[Black "Kozlov, Vladimir N"]
[Result "0-1"]
[WhiteElo "2370"]
[BlackElo "2360"]

1.Nf3 d5 2.c4 d4 3.e3 Nc6 4.exd4 Nxd4 5.Nxd4 Qxd4 6.Nc3 Nf6 7.Be2 e5 8.d3 Be7
9.O-O c6 10.Be3 Qd6 11.Rb1 O-O 12.b4 Bf5 13.f3 Rfd8 14.Ne4 Nxe4 15.fxe4 Be6
16.Qe1 b5 17.Qf2 a5 18.bxa5 bxc4 19.dxc4 Qa3 20.Kh1 Rxa5 21.Bb6 Bc5 22.Bxd8 Bxf2
23.Bxa5 Ba7 24.Bd2 h6 25.Rb7 Qxa2 26.Rd1 Be3 27.Rb8+ Kh7 28.Rd8 Bd4 29.h3 Bxc4
30.Bxc4 Qxc4 31.Rc1 Qe2 32.Be1 c5  0-1

[Event "Russian Winter op"]
[Site "Moscow"]
[Date "1991.??.??"]
[Round "?"]
[White "Shashin, Alexsander A"]
[Black "Furman, Boris"]
[Result "1-0"]
[WhiteElo "2385"]
[BlackElo "2265"]

1.Nf3 d5 2.c4 e6 3.b3 Nf6 4.g3 Be7 5.Bb2 c5 6.e3 O-O 7.Bg2 Nc6 8.O-O Bd7
9.Qe2 Qa5 10.Nc3 Rfd8 11.Rfd1 Be8 12.cxd5 Nxd5 13.Nxd5 Rxd5 14.Ne5 Rdd8 15.Nxc6 Bxc6
16.Bxc6 bxc6 17.Bc3 Qb5 18.Kf1 Rd3 19.Rac1 Rad8 20.Ke1 R3d5 21.Ba1 Qa5 22.Rc2 Bf8
23.Rdc1 Qb4 24.Bc3 Qe4 25.f3 Qg6 26.Ba5 R8d7 27.Rc4 Rh5 28.Kf1 Rh3 29.Kg2 Qh6
30.Rh1 Rd5 31.Bc7 f5 32.Bf4 Qh5 33.g4 fxg4 34.fxg4 Qh4 35.Bg3 Qh6 36.Qf2 Be7
37.Rf1 Bf6 38.Rf4 Rg5 39.Qf3 Rd5 40.Rf2 Kf7 41.Ra4 Ke7 42.Rxa7+ Rd7  1-0